000 00953nam a22002537a 4500
003 OSt
005 20220412112135.0
008 110301s2008 xxu 000 0 spa d
040 _aDO-SdBNP
_bspa
_cBNPHU
082 _axxxx
_bS731d
100 1 _aSoy, Rosie M.
_953018
245 1 0 _aDominican women across three generacions : educational dreams, goals and hopes /
_cRosie M. Soy, Stefan Bosworth ; prefacio Ramona Hernández
260 _aNew York, Estados Unidos :
_bCUNY Dominican studies institute.
_c2008.
300 _a50 p. :
_c23 cm.
490 1 _aDominican research monograph
500 _aMujeres dominicanas a lo largo de tres generaciones: sueños, metas y esperanzas educativas
504 _aBiografías p: 48-50
590 _aInventariado, 2022/ YL
700 1 2 _aBosworth, Stefan
_981457
700 1 2 _aHernández, Ramona
_epref.
_910103
830 0 _nDominican research monograph
_981458
910 _aYLockward
942 _2ddc
_cLBS1
999 _c51528
_d51528